Estadísticas para Provincias españolas ordenadas por longitud de costa

Haz click aquí para intentar la prueba.

Estadísticas generales

  • Esta prueba ha sido intentada 127 veces
  • La puntuación promedio es 12 de 22

Estadísticas de respuestas

Km de costaInicialProvincia% Correcto
1.428 IIslas Baleares
84%
956 AA Coruña
69%
401 AAsturias
69%
815 LLas Palmas
69%
398 PPontevedra
66%
768 SSanta Cruz de Tenerife
63%
278 TTarragona
63%
244 AAlicante
59%
284 CCantabria
58%
274 MMurcia
58%
161 BBarcelona
56%
175 MMálaga
55%
249 AAlmería
53%
285 CCádiz
53%
260 GGirona
53%
135 VValencia
51%
122 HHuelva
50%
154 VVizcaya
44%
144 LLugo
42%
139 CCastellón
40%
79 GGranada
38%
92 GGuipúzcoa
36%

Distribución de puntuación

Porcentaje por número respondido

Porcentaje de gente con cada puntuación

Historial de tus puntuaciones

No has intentado esta prueba.